00650cam a22002051 450000100090000000300060000900500170001500800410003201000170007303500190009004000200010904200120012905000160014108200150015710000220017224501560019426000470035030000270039765000200042410294849GBCCL20241126110535.0760214s1959 maua 000 0 eng  a 59041032  a(OCoLC)1990783 aDLCcCtFaUdDLC apremarc00aBT769b.S86 a234.1bSWI1 aSwizdor, Matthew.10aGod in me;ba popular explanation of sanctifying grace or the mystery of God's life in us.cPref. by Lawrence J. Shehan. Illustrated by Kay B. Leitten. aGranby, Mass.,bFranciscan Fathersc[1959] a149 p.billus.c23 cm. 0aMystical union.